00826cam a22002171 4500001001300000003000400013005001700017008004100034010001700075035001900092040001900111042001200130050001600142100003700158245011500195260008200310300005800392410008200450650003800532700003800570gs 28000088 DLC20260227111332.0750903s1927 xx s000 0 eng  ags 28000088  a(OCoLC)1595124 aDLCcCtHTdDLC apremarc00aQE94.M5bR51 aRice, William North,d1845-1928.10aGuide to the geology of Middletown, Connecticut, and vicinity,cby William North Rice and Wilbur Garland Foye. aHartford,bPrinted by the State Geological and Natural History Survey,c1927. a137 p. incl. illus., diagrs.bIII pl. on 2 l.c23 cm.20aState Geological and Natural History Survey of Connecticut.tBulletinvno. 41 0aGeologyzConnecticutzMiddletown.1 aFoye, Wilbur Garland,d1886-1935.